[Event "Barletta Mascolo Memorial 5th"]
[Site "Barletta"]
[Date "2013.09.29"]
[Round "3"]
[White "Di Lascio, Savino"]
[Black "Pastore, Giuseppe"]
[Result "1-0"]
[WhiteElo "1900"]
[BlackElo "1720"]
[PlyCount "81"]
[EventDate "2013.09.28"]
[EventType "swiss"]
[EventRounds "6"]
[EventCountry "ITA"]
[SourceTitle "EXT 2015"]
[Source "ChessBase"]
[SourceDate "2014.11.20"]
[SourceVersion "1"]
[SourceVersionDate "2014.11.20"]
[SourceQuality "1"]

1. b4 e5 2. Bb2 d6 3. e3 g6 4. Nf3 Bg7 5. d4 e4 6. Nfd2 d5 7. c4 c6 8. cxd5 cxd5 9. Nc3 Ne7 10. Rc1 Bd7 11. Qb3 Be6 12. Na4 b6 13. Bb5+ Bd7 14. Nc3 0-0 15. 0-0 a6 16. Be2 Be6 17. Rc2 Nd7 18. Rfc1 b5 19. a4 bxa4 20. Nxa4 Nb6 21. Nc5 Bc8 22. Ra1 Qd6 23. Bc3 Nd7 24. Rca2 Nxc5 25. dxc5 Qc6 26. Bxg7 Kxg7 27. Qc3+ Qf6 28. Qxf6+ Kxf6 29. Bxa6 Nc6 30. Bxc8 Rxa2 31. Rxa2 Rxc8 32. b5 Nb4 33. Ra4 Nd3 34. c6 Ke5 35. Nb3 f5 36. Nd4 Nc5 37. Ra7 h5 38. h4 f4 39. b6 fxe3 40. fxe3 Kd6 41. Rg7 1-0

[Event "Campobasso op-A 17th"]
[Site "Campobasso"]
[Date "2010.07.23"]
[Round "3"]
[White "Pastore, Giuseppe"]
[Black "Di Lascio, Savino"]
[Result "0-1"]
[WhiteElo "1671"]
[BlackElo "1910"]
[PlyCount "106"]
[EventDate "2010.07.22"]
[EventType "swiss"]
[EventRounds "6"]
[EventCountry "ITA"]
[SourceTitle "EXT 2013"]
[Source "ChessBase"]
[SourceDate "2012.11.22"]
[SourceVersion "1"]
[SourceVersionDate "2012.11.22"]
[SourceQuality "1"]

1. d4 Nf6 2. Nf3 b6 3. e3 Bb7 4. Bd3 g6 5. c3 Bg7 6. Nbd2 d6 7. Qe2 Nbd7 8. e4 e5 9. d5 0-0 10. 0-0 Re8 11. Ne1 Nh5 12. Ndf3 Nc5 13. Bc2 a5 14. a4 Qd7 15. b4 axb4 16. cxb4 Nxa4 17. b5 Nc3 18. Qc4 Rxa1 19. Bb2 Rxe1 20. Rxe1 Nxb5 21. Ba4 c6 22. Rc1 cxd5 23. Qxb5 Qxb5 24. Bxb5 Ra8 25. Rc7 dxe4 26. Ng5 Bd5 27. Bc6 Bxc6 28. Rxc6 d5 29. Rc7 d4 30. g3 Ra2 31. Bc1 Ra1 32. Rc8+ Bf8 33. Nxe4 Kg7 34. Kg2 Bb4 35. Rc7 h6 36. h4 Bc3 37. Bxh6+ Kxh6 38. Rxf7 Re1 39. Ng5 Ng7 40. g4 e4 41. Rf8 Nf5 42. Rh8+ Kg7 43. Rh7+ Kg8 44. gxf5 gxf5 45. Rf7 Bd2 46. Rxf5 Bxg5 47. Rxg5+ Kh7 48. Rb5 d3 49. Rd5 b5 50. Kg3 b4 51. Kf4 b3 52. Rd7+ Kg6 53. h5+ Kxh5 0-1

[Event "TA Province-ch 08"]
[Site "Taranto"]
[Date "2007.12.15"]
[Round "1"]
[White "Pastore, Giuseppe"]
[Black "Indelicati, Giuseppe"]
[Result "0-1"]
[WhiteElo "1581"]
[BlackElo "2187"]
[PlyCount "42"]
[EventDate "2007.12.15"]
[EventType "swiss"]
[EventRounds "3"]
[EventCountry "ITA"]
[SourceTitle "EXT 2010"]
[Source "ChessBase"]
[SourceDate "2010.11.25"]
[SourceVersion "1"]
[SourceVersionDate "2010.11.25"]
[SourceQuality "1"]

1. e4 e5 2. Nf3 Nc6 3. Bb5 Nf6 4. 0-0 Bc5 5. Bxc6 dxc6 6. h3 0-0 7. d3 Bd6 8. Nh2 h6 9. c3 c5 10. f4 exf4 11. Bxf4 Nxe4 12. Bxd6 Nxd6 13. Qh5 Qg5 14. Qxg5 hxg5 15. Nd2 Bf5 16. Rf3 Bg6 17. g4 Rfe8 18. Kf2 Rad8 19. Re1 Rxe1 20. Kxe1 f6 21. Nhf1 Nf7 0-1